000 00292nam a22001337a 4500
008 170420b xxu||||| |||| 00| 0 eng d
020 _a9780765800671
041 _aeng
080 _a573
100 _a11
101 _aSHM
245 _aREVOLUTIONARY BIOLOGY
_cBARASH, D.P
942 _2udc
_cBK
999 _c11363
_d11363